Física curso elemental: / (Registro nro. 7717)

Detalles MARC
000 -CABECERA
Campo de control interno 01737nam a2200241Ia 4500
008 - ELEMENTOS DE LONGITUD FIJA - INFORMACIÓN GENERAL
Campo de control de longitud fija 260220t1967||||xx |||||||||||||| ||spa||
040 ## - FUENTE DE CATALOGACIÓN
Agencia de catalogación original PY-SlUNAC
Idioma de catalogación spa
Convenciones de descripción rda
041 ## - CÓDIGO DE IDIOMA
Código de idioma para texto/pista de sonido o título separado spa
082 ## - NÚMERO DE CLASIFICACIÓN DECIMAL DEWEY
Clasificación Decimal Dewey (CDD) 530
Clasificación Expansiva de Cutter (EC) Al72f
100 ## - ASIENTO PRINCIPAL - NOMBRE PERSONAL
Nombre personal Alonso, Marcelo
Rol del autor Autor
245 #0 - TÍTULO
Título Física curso elemental: /
Mención de responsabilidad por Marcelo Alonso [Autor]
264 ## - PIE DE IMPRENTA
Lugar Madrid :
Editorial Mediterráneo,
Año ℗1967.
300 ## - DESCRIPCIÓN FÍSICA
Páginas 1 volumen
520 ## - NOTA DE RESUMEN
Nota de resumen El libro "Física curso elemental" de Marcelo Alonso es una obra fundamental que introduce a los lectores en los principios básicos de la física a través de un enfoque claro y accesible. A lo largo de sus capítulos, se abordan temas esenciales como la mecánica, la termodinámica, la electricidad y el magnetismo, presentando conceptos de manera que tanto estudiantes como aficionados puedan comprender. Alonso utiliza ejemplos cotidianos y problemas prácticos para ilustrar las leyes físicas, fomentando así una conexión entre la teoría y la realidad. Además, el texto incluye ilustraciones y diagramas que facilitan la visualización de los fenómenos estudiados. El autor se esfuerza por cultivar un pensamiento crítico y analítico en el lector, promoviendo la curiosidad y el interés por la ciencia en general. Este enfoque didáctico y riguroso hace de "Física curso elemental" una referencia valiosa para quienes inician su formación en esta disciplina, proporcionando una base sólida para el aprendizaje futuro en física y otras ciencias relacionadas.
653 ## - MATERIA - TÉRMINO TEMÁTICO NO CONTROLADO (PALABRAS CLAVE)
Materia - término temático no controlado (palabras clave) Cursos académicos
653 ## - MATERIA - TÉRMINO TEMÁTICO NO CONTROLADO (PALABRAS CLAVE)
Materia - término temático no controlado (palabras clave) Educación
653 ## - MATERIA - TÉRMINO TEMÁTICO NO CONTROLADO (PALABRAS CLAVE)
Materia - término temático no controlado (palabras clave) Física
942 ## - ELEMENTOS PERSONALIZADOS (KOHA)
Fecha catalogación 2026/02/17
Tipo de documento Libros
Existencias
Fuente de Clasificacion Colección Ubicacion permanente Biblioteca actual Fecha de Ingreso a la Biblioteca Origen de adquisición Código de ubicación Código de barras Tipo de Item KOHA Nota pública
Dewey Decimal Classification Colección General (CG) Biblioteca e Internet, Facultad de Ciencias Exactas y Naturales Biblioteca e Internet, Facultad de Ciencias Exactas y Naturales 02/20/2026 Donación 530 Al72f CG1077 Libros Material disponible en la Biblioteca e Intenet, Campus UNA, San Lorenzo.